000 00672nam a2200217Ia 4500
003 OSt
005 20220923230828.0
006 a|||||r|||| 00| 0
007 ta
008 220922b |||||||| |||| 00| 0 pan d
024 _a305,918
037 _cTextual
040 _aARTS
_cARTS
_bpan
041 _2pan
_apan
082 _aO153,1F73:g, L5
100 _aਕੋਹਲੀ, ਸੁਰਿੰਦਰ ਸਿੰਘ
_9156370
245 0 _aਬਾਬਾ ਖ਼ਰੀਦ
_b ਜੀਵਨ ਸਮਾ ਅਤੇ ਰਚਨਾ
260 _c1975
942 _hO153,1F73:g, L5
_cTEXL
_2CC
999 _c387705
_d387705